000 00329nam a22001217a 4500
020 _a139780074637364 /
082 _222
_a621.38171
100 _aMillman, Jacob and Grabel, Arvin.
245 _aMicroelectronics /
260 _aNew Delhi,
_bTata McGraw Hill,
_cc2009.
300 _axx, 1001 p. ;
_bill. ;
_c24 cm.
942 _2ddc
_cEE
_01
999 _c3212
_d3212